| 000 | 00611nam a22001937a 4500 | ||
|---|---|---|---|
| 003 | OSt | ||
| 005 | 20210423062820.0 | ||
| 008 | 210219s1968 ||||| |||| 00| 0 eng d | ||
| 040 |
_aeng _beng _cDLC |
||
| 041 | _aeng | ||
| 080 |
_a77 _bC-77 |
||
| 100 |
_9984 _aCooper, D. Joseph |
||
| 245 |
_aNikon F Nikkormat _b: Handbook of Photography _c/ by: Amphoto / American Photographic Book Publishing Co. Inc |
||
| 260 |
_aNew York _bAmphoto / American Photographic Book Publishing Co. Inc _c1968 |
||
| 300 |
_a187 p. _bill. |
||
| 650 | 0 |
_9847 _aPhotography |
|
| 653 | _aფოტოგრაფია | ||
| 942 |
_2udc _cBK |
||
| 999 |
_c1552 _d1552 |
||